000 00575nam a22001457a 4500
020 _a978-04-3920-784-3
082 _a823
_bABB/S
100 _aABBOTT, TONY
245 _aTHE SECRETS OF DROON
_bQUEST FOR THE QUEEN
260 _aNEW YORK
_bSCHOLASTIC
_c2018
300 _a104
520 _aKeeah is in disguise in strange territory, learning what she needs to know to bring her mother back to freedom. Fortunately, her friends from the Upper World arrive to give her a helping hand-and a head start in the Droon Games!
650 _aADVENTURE STORY
_zUNITED STATES
942 _cBK
999 _c6113
_d6113